भारतीय राजनीति का बदलता परिदृश्य / (Record no. 18311)
[ view plain ]
| 000 -LEADER | |
|---|---|
| fixed length control field | 01547nam a22002777a 4500 |
| 005 - DATE AND TIME OF LATEST TRANSACTION | |
| control field | 20081106101154.0 |
| 008 - FIXED-LENGTH DATA ELEMENTS--GENERAL INFORMATION | |
| fixed length control field | 081106t xxu||||| |||| 00| 0 hin d |
| 010 ## - LCCN (DPL NO) | |
| LC control number | HIN-84819 |
| 020 ## - INTERNATIONAL STANDARD BOOK NUMBER | |
| International Standard Book Number | 8172301766 |
| Terms of availability | 795.00 |
| 035 ## - SYSTEM CONTROL NUMBER | |
| System control number | HN-57165 |
| 035 ## - SYSTEM CONTROL NUMBER | |
| System control number | B-246656 |
| 037 ## - SOURCE OF ACQUISITION | |
| Source of stock number/acquisition | DBAD / PUB |
| 040 ## - CATALOGING SOURCE | |
| Original cataloging agency | DPL |
| Language of cataloging | HN |
| 082 ## - DEWEY DECIMAL CLASSIFICATION NUMBER | |
| Classification number | 320.954 |
| 100 ## - MAIN ENTRY--PERSONAL NAME | |
| Personal name | खंडेला, मानचंद |
| 9 (RLIN) | 44273 |
| 245 ## - TITLE STATEMENT | |
| Title | भारतीय राजनीति का बदलता परिदृश्य / |
| Statement of responsibility, etc | मानचंद खंडेला |
| 246 ## - VARYING FORM OF TITLE | |
| Title proper/short title | Bhaartiya Raajniti Kaa Badalataa Paridrishya |
| Remainder of title | by Manchand Khandela |
| 260 ## - PUBLICATION, DISTRIBUTION, ETC. (IMPRINT) | |
| Place of publication, distribution, etc | जयपुर |
| Name of publisher, distributor, etc | अरिहन्त पब्लिशिंग हाऊस |
| Date of publication, distribution, etc | 2007 |
| 270 ## - ADDRESS | |
| Address | 9, राजस्थान विश्वविद्यालय, जवाहरलाल नेहरू मार्ग |
| City | जयपुर (राज.) |
| Postal code | 302004 |
| Telephone number | 0141-2705808 |
| 300 ## - PHYSICAL DESCRIPTION | |
| Extent | 273 पृ |
| Dimensions | 22सेमी (सजिल्द) |
| 651 ## - SUBJECT ADDED ENTRY--GEOGRAPHIC NAME | |
| Geographic name | भारत |
| General subdivision | राजनीति और सरकार |
| 9 (RLIN) | 44274 |
| 651 ## - SUBJECT ADDED ENTRY--GEOGRAPHIC NAME | |
| Geographic name | India |
| General subdivision | Politics and governments |
| 9 (RLIN) | 44275 |
| 942 ## - ADDED ENTRY ELEMENTS (KOHA) | |
| Source of classification or shelving scheme | Dewey Decimal Classification |
| Item type | Hindi Books |
| Call number suffix | खंडेला |
| Classification part | 320.954 |
| Withdrawn status | Lost status | Source of classification or shelving scheme | Damaged status | Not for loan | Home library | Current library | Date acquired | Cost, normal purchase price | Total Checkouts | Full call number | Barcode | Date last seen | Copy number | Cost, replacement price | Koha item type | Collection code | Total Renewals |
|---|---|---|---|---|---|---|---|---|---|---|---|---|---|---|---|---|---|
| Dewey Decimal Classification | Central Library | Central Library | 18/07/2020 | 1 | 320.954 खंडेला | B-246652 | 10/04/2023 | Hindi Books | Non-fiction | ||||||||
| Dewey Decimal Classification | Not For Loan | D.B.Act.Division | D.B.Act.Division | 12/11/2008 | 795.00 | 320.954 खंडेला | HN-57165 | 12/11/2008 | 1 | 795.00 | Hindi Books | ||||||
| Dewey Decimal Classification | Sarojini Nagar | Sarojini Nagar | 26/03/2012 | 795.00 | 1 | 320.954 खंडेला | B-246656 | 11/05/2023 | 795.00 | Hindi Books | Non-fiction | 1 |
